[Event "Hungria ch 2009 femenino"]
[Site "Eger HUN"]
[Date "2009.08.21"]
[Round "1.2"]
[White "Gara, Ticia"]
[Black "Csatari, Mariann"]
[Result "1-0"]
[WhiteElo "2354"]
[BlackElo "2117"]
[PlyCount "107"]
[EventDate "2009.08.21"]
[EventType "tourn"]
[EventRounds "9"]
[EventCountry "HUN"]
[EventCategory "1"]
[Source "lmi"]
[SourceDate "2009.08.21"]

1. e4 c5 2. Nf3 d6 3. d4 cxd4 4. Nxd4 Nf6 5. Nc3 g6 6. Be3 Bg7 7. f3 O-O 8. Qd2
Nc6 9. Bc4 Bd7 10. O-O-O Rb8 11. h4 b5 12. Nxc6 Bxc6 13. Bd5 b4 14. Ne2 Bxd5
15. exd5 Rb5 16. Nd4 Rxd5 17. Qxb4 Qd7 18. Kb1 Rc8 19. Rc1 a5 20. Qa3 a4 21. c4
Rdc5 22. Qd3 d5 23. cxd5 Nxd5 24. Rxc5 Rxc5 25. Ne2 Nc3+ 26. Kc2 Rd5 27. Qc4
Nd1 28. Bc1 Qf5+ 29. Qe4 Qd7 30. Rf1 Rc5+ 31. Kb1 Nxb2 32. Bxb2 Bxb2 33. Kxb2
Qd2+ 34. Ka3 Rc2 35. Ra1 Qxe2 36. Qxe2 Rxe2 37. Kxa4 Rxg2 38. Kb5 Rh2 39. a4
Rxh4 40. a5 Rh5+ 41. Kc6 Rxa5 42. Rxa5 Kg7 43. Kd7 Kf6 44. Ke8 h5 45. Ra7 e5
46. Rxf7+ Ke6 47. Kf8 g5 48. Kg7 g4 49. fxg4 hxg4 50. Kg6 e4 51. Rf1 Ke5 52.
Kg5 g3 53. Kg4 g2 54. Rg1 1-0

[Event "Hungria ch 2009 femenino"]
[Site "Eger HUN"]
[Date "2009.08.21"]
[Round "1.3"]
[White "Vajda, Szidonia"]
[Black "Toth, Sarolta"]
[Result "1-0"]
[WhiteElo "2375"]
[BlackElo "2236"]
[PlyCount "73"]
[EventDate "2009.08.21"]
[EventType "tourn"]
[EventRounds "9"]
[EventCountry "HUN"]
[EventCategory "1"]
[Source "lmi"]
[SourceDate "2009.08.21"]

1. e4 c5 2. Nf3 e6 3. c3 d5 4. exd5 Qxd5 5. d4 Nf6 6. Be3 cxd4 7. cxd4 Bb4+ 8.
Nc3 O-O 9. Bd3 b6 10. O-O Bxc3 11. bxc3 Ba6 12. Bxa6 Nxa6 13. Qa4 Nb8 14. c4
Qc6 15. Qb3 Nbd7 16. a4 Ne4 17. Rfc1 Qc7 18. Qd3 f5 19. a5 Qd6 20. Rd1 Rfc8 21.
g3 Qb4 22. Rdc1 Rd8 23. Rcb1 Qd6 24. Qb3 Qc6 25. d5 exd5 26. cxd5 Qd6 27. axb6
Nxb6 28. Rd1 Kh8 29. Ra5 Rd7 30. Bf4 Qf6 31. Ne5 Rdd8 32. Nc6 Rxd5 33. Raxd5
Nxd5 34. Qxd5 Nc3 35. Qd8+ Rxd8 36. Rxd8+ Qxd8 37. Nxd8 1-0

[Event "Hungria ch 2009 femenino"]
[Site "Eger HUN"]
[Date "2009.08.21"]
[Round "1.4"]
[White "Lakos, Nikoletta"]
[Black "Medvegy, Nora Dr"]
[Result "1/2-1/2"]
[WhiteElo "2310"]
[BlackElo "2344"]
[PlyCount "72"]
[EventDate "2009.08.21"]
[EventType "tourn"]
[EventRounds "9"]
[EventCountry "HUN"]
[EventCategory "1"]
[Source "lmi"]
[SourceDate "2009.08.21"]

1. e4 c5 2. Nf3 e6 3. d4 cxd4 4. Nxd4 a6 5. Bd3 Bc5 6. Nb3 Ba7 7. Qe2 Ne7 8.
Nc3 d6 9. Be3 O-O 10. Bxa7 Rxa7 11. Qe3 Nbc6 12. O-O b5 13. Rad1 Rb7 14. Qg3
Ne5 15. a4 b4 16. Ne2 Qb6 17. a5 Qa7 18. Kh1 Bd7 19. Ned4 Nxd3 20. cxd3 e5 21.
Ne2 f5 22. f4 Ba4 23. Nec1 Ng6 24. fxe5 f4 25. Qg5 dxe5 26. d4 Rb5 27. Qg4 Qe7
28. d5 Rd8 29. Rd3 Rbb8 30. Re1 Bd7 31. Qd1 Qd6 32. Qd2 Bb5 33. Rh3 Bd7 34. Rd3
Bb5 35. Rh3 Bd7 36. Rd3 Bb5 1/2-1/2

[Event "Hungria ch 2009 femenino"]
[Site "Eger HUN"]
[Date "2009.08.22"]
[Round "2.1"]
[White "Gara, Anita"]
[Black "Dudas, Eszter"]
[Result "1-0"]
[WhiteElo "2353"]
[BlackElo "2141"]
[PlyCount "107"]
[EventDate "2009.08.21"]
[EventType "tourn"]
[EventRounds "9"]
[EventCountry "HUN"]
[EventCategory "1"]
[Source "lmi"]
[SourceDate "2009.08.21"]

1. e4 e6 2. d4 d5 3. e5 c5 4. c3 Nc6 5. Nf3 Bd7 6. Be2 f6 7. O-O fxe5 8. dxe5
Qc7 9. Re1 Nh6 10. c4 d4 11. a3 Nf7 12. Bd3 O-O-O 13. Bf4 Be7 14. h4 g5 15.
Nxg5 Nxg5 16. hxg5 Rdg8 17. Nd2 Bxg5 18. Bxg5 Rxg5 19. f4 Rg7 20. Ne4 Ne7 21.
Nd6+ Kb8 22. b4 Rhg8 23. Ra2 Bc6 24. Be4 Ng6 25. Rf1 Nh4 26. Rff2 Rg4 27. Qb1
Bxe4 28. Qxe4 Rg3 29. Rae2 R8g4 30. Ne8 Qc6 31. Qxc6 bxc6 32. bxc5 Rb3 33. Rb2
Rgg3 34. Nd6 Kc7 35. a4 Nf5 36. Rxb3 Rxb3 37. Rd2 d3 38. Nxf5 exf5 39. Kf2 Rc3
40. Ke3 Rxc4 41. Rxd3 Rxa4 42. g4 fxg4 43. f5 g3 44. Kf3 g2 45. Kxg2 Rf4 46. f6
Rf5 47. Ra3 Kd7 48. Rxa7+ Ke8 49. Re7+ Kf8 50. Kg3 h5 51. Kh4 Kg8 52. Rg7+ Kf8
53. Rg5 Rf1 54. Kxh5 1-0

[Event "Hungria ch 2009 femenino"]
[Site "Eger HUN"]
[Date "2009.08.22"]
[Round "2.3"]
[White "Toth, Sarolta"]
[Black "Lakos, Nikoletta"]
[Result "1/2-1/2"]
[WhiteElo "2236"]
[BlackElo "2310"]
[PlyCount "63"]
[EventDate "2009.08.21"]
[EventType "tourn"]
[EventRounds "9"]
[EventCountry "HUN"]
[EventCategory "1"]
[Source "lmi"]
[SourceDate "2009.08.21"]

1. Nf3 Nf6 2. c4 e6 3. g3 d5 4. b3 Be7 5. Bg2 O-O 6. O-O b6 7. Bb2 Bb7 8. e3 c5
9. Nc3 dxc4 10. bxc4 Nc6 11. d3 Qc7 12. Nh4 Rfd8 13. Qe2 a6 14. f4 Ne8 15. Rad1
f5 16. Nf3 Bf6 17. a3 Rab8 18. Rb1 Ba8 19. Rfd1 Nd6 20. Na4 Na5 21. Qc2 Rdc8
22. Rdc1 Bc6 23. Ne5 Bxg2 24. Qxg2 b5 25. cxb5 Rxb5 26. Bc3 Nab7 27. Qa2 Qe7
28. Nb6 Rc7 29. Na8 Rc8 30. Nb6 Rc7 31. Na8 Rc8 32. Nb6 1/2-1/2

[Event "Hungria ch 2009 femenino"]
[Site "Eger HUN"]
[Date "2009.08.22"]
[Round "2.5"]
[White "Papp, Petra"]
[Black "Gara, Ticia"]
[Result "0-1"]
[WhiteElo "2159"]
[BlackElo "2354"]
[PlyCount "102"]
[EventDate "2009.08.21"]
[EventType "tourn"]
[EventRounds "9"]
[EventCountry "HUN"]
[EventCategory "1"]
[Source "lmi"]
[SourceDate "2009.08.21"]

1. e4 c5 2. Nf3 d6 3. d4 cxd4 4. Nxd4 Nf6 5. Nc3 e6 6. Be3 Be7 7. g4 Nc6 8. f3
O-O 9. Qd2 a6 10. O-O-O Nxd4 11. Bxd4 b5 12. g5 Nd7 13. h4 Qc7 14. Kb1 b4 15.
Na4 Bb7 16. b3 Bc6 17. Nb2 a5 18. h5 Ne5 19. Rh3 a4 20. f4 axb3 21. axb3 Bxe4
22. Bd3 Qa5 23. Na4 Nxd3 24. cxd3 Bf5 25. Re3 e5 26. fxe5 Bxg5 27. Rg1 Bxe3 28.
Qxe3 g6 29. e6 Qd5 30. exf7+ Rxf7 31. hxg6 Qxb3+ 32. Nb2 Bxg6 33. Qh3 Qa2+ 34.
Kc1 Rc7+ 35. Kd2 Qf7 36. Qg2 Rac8 37. Nc4 Qf5 38. Qe2 Rxc4 39. Rxg6+ hxg6 40.
dxc4 b3 41. Qe7 Qf4+ 42. Kd3 Qf7 43. Qxd6 Qxc4+ 44. Ke3 Re8+ 45. Kf3 Qd3+ 46.
Kg4 Re4+ 47. Kg5 Qxd4 48. Qb8+ Kf7 49. Qxb3+ Re6 50. Qb7+ Ke8 51. Qb5+ Qd7 0-1

[Event "Hungria ch 2009 femenino"]
[Site "Eger HUN"]
[Date "2009.08.23"]
[Round "3.3"]
[White "Lakos, Nikoletta"]
[Black "Csatari, Mariann"]
[Result "1-0"]
[WhiteElo "2310"]
[BlackElo "2117"]
[PlyCount "61"]
[EventDate "2009.08.21"]
[EventType "tourn"]
[EventRounds "9"]
[EventCountry "HUN"]
[EventCategory "1"]
[Source "lmi"]
[SourceDate "2009.08.21"]

1. e4 c5 2. Nf3 d6 3. Bc4 Nf6 4. d3 g6 5. e5 dxe5 6. Nxe5 e6 7. Qf3 a6 8. Bg5
Be7 9. Nc3 O-O 10. Bh6 Qd4 11. Qe2 Re8 12. h4 Nbd7 13. Nxf7 Nb6 14. Be3 Qd7 15.
Ne5 Qc7 16. f4 Bd6 17. Bd2 Nh5 18. Rh3 Nxc4 19. dxc4 Rf8 20. O-O-O Nxf4 21.
Bxf4 Rxf4 22. Nd3 Rxc4 23. Ne4 Be7 24. h5 g5 25. h6 b5 26. Rh5 e5 27. Rf1 Rxe4
28. Qxe4 Bb7 29. Qf5 Bd5 30. Rxg5+ Kh8 31. Rg7 1-0

[Event "Hungria ch 2009 femenino"]
[Site "Eger HUN"]
[Date "2009.08.23"]
[Round "3.5"]
[White "Dudas, Eszter"]
[Black "Medvegy, Nora Dr"]
[Result "0-1"]
[WhiteElo "2141"]
[BlackElo "2344"]
[PlyCount "84"]
[EventDate "2009.08.21"]
[EventType "tourn"]
[EventRounds "9"]
[EventCountry "HUN"]
[EventCategory "1"]
[Source "lmi"]
[SourceDate "2009.08.21"]

1. e4 c5 2. Nf3 e6 3. c3 Nf6 4. e5 Nd5 5. d4 cxd4 6. cxd4 b6 7. Bd3 Ba6 8. a3
Be7 9. O-O O-O 10. Bxa6 Nxa6 11. Qd3 Nac7 12. Nc3 Nxc3 13. bxc3 d5 14. exd6
Qxd6 15. Ng5 Bxg5 16. Bxg5 Rac8 17. Rfd1 Qd5 18. Qg3 f6 19. Bh6 Ne8 20. Re1 Rf7
21. Bf4 Re7 22. h3 Rc4 23. Rac1 Qc6 24. Qd3 Rd7 25. Qe2 Re7 26. Qd3 Qd5 27. Qg3
Qf5 28. Qe3 Kf7 29. Qg3 Rd7 30. Bb8 a6 31. Re3 Rdxd4 32. Rf3 Qd5 33. Kh2 Qc6
34. Re1 Rd8 35. Bf4 Nc7 36. Qh4 Kg8 37. Rg3 Ne8 38. Rg4 b5 39. Qh5 Rd5 40. Qh4
h5 41. Rg6 Rf5 42. g3 Kf7 0-1

[Event "Hungria ch 2009 femenino"]
[Site "Eger HUN"]
[Date "2009.08.24"]
[Round "4.1"]
[White "Gara, Anita"]
[Black "Medvegy, Nora Dr"]
[Result "1-0"]
[WhiteElo "2353"]
[BlackElo "2344"]
[PlyCount "157"]
[EventDate "2009.08.21"]
[EventType "tourn"]
[EventRounds "9"]
[EventCountry "HUN"]
[EventCategory "1"]
[Source "lmi"]
[SourceDate "2009.08.21"]

1. e4 c5 2. Nf3 e6 3. d4 cxd4 4. Nxd4 a6 5. Bd3 Nf6 6. O-O Qc7 7. Qe2 d6 8. c4
g6 9. Nc3 Bg7 10. Rd1 O-O 11. Nf3 Nc6 12. h3 Nd7 13. Bd2 Nde5 14. Rac1 Bd7 15.
b3 Rac8 16. Bb1 Qb8 17. Be3 Nxf3+ 18. Qxf3 b5 19. c5 b4 20. Na4 Ne5 21. Qg3
Bxa4 22. bxa4 dxc5 23. Bxc5 Rfd8 24. Rxd8+ Rxd8 25. f4 Nd7 26. Be3 Bb2 27. Rd1
Nf6 28. Qe1 Bc3 29. Qe2 a5 30. Bc2 Qc7 31. Rxd8+ Qxd8 32. Qf2 Qd7 33. Kh1 Qc6
34. Qf3 Bb2 35. Qd1 Nxe4 36. Qd3 Ng3+ 37. Kg1 Nf5 38. Qd8+ Kg7 39. Bxf5 gxf5
40. Qxa5 Qe4 41. Qc5 e5 42. fxe5 f4 43. Bf2 Bxe5 44. a5 f6 45. Qc1 Qd5 46. Qc5
Qd1+ 47. Kh2 Qf1 48. Qe7+ Kg6 49. Qe8+ Kg7 50. Qd7+ Kh6 51. Qd2 Kg7 52. Bc5 f3+
53. g3 Qb5 54. Bb6 Qe2+ 55. Qxe2 fxe2 56. Bf2 Bd4 57. Kg2 Kf7 58. Kf3 Ke6 59.
a6 Kd5 60. Kxe2 Bxf2 61. Kxf2 Kc6 62. Ke3 Kb6 63. a7 Kxa7 64. Kd4 Kb6 65. Kc4
Ka5 66. g4 h6 67. h4 Ka4 68. h5 Ka5 69. Kc5 Ka4 70. Kb6 Ka3 71. Kb5 b3 72. axb3
Kxb3 73. Kc5 Kc3 74. Kd5 Kd3 75. Ke6 Ke4 76. Kxf6 Kf4 77. Kg6 Kxg4 78. Kxh6 Kf5
79. Kg7 1-0

[Event "Hungria ch 2009 femenino"]
[Site "Eger HUN"]
[Date "2009.08.24"]
[Round "4.2"]
[White "Toth, Sarolta"]
[Black "Dudas, Eszter"]
[Result "0-1"]
[WhiteElo "2236"]
[BlackElo "2141"]
[PlyCount "56"]
[EventDate "2009.08.21"]
[EventType "tourn"]
[EventRounds "9"]
[EventCountry "HUN"]
[EventCategory "1"]
[Source "lmi"]
[SourceDate "2009.08.21"]

1. Nf3 c5 2. c4 b6 3. g3 Bb7 4. Bg2 Nf6 5. O-O e6 6. Nc3 Be7 7. Re1 d6 8. e4 a6
9. d4 cxd4 10. Nxd4 Qc7 11. Be3 Nbd7 12. Rc1 O-O 13. f4 h5 14. h3 Rac8 15. g4
hxg4 16. hxg4 Nc5 17. Bf2 d5 18. e5 Nfe4 19. Nxe4 dxe4 20. Bf1 Rfd8 21. g5 g6
22. Qg4 Nd3 23. Bxd3 exd3 24. Qd1 Rxd4 25. Bxd4 Qc6 26. Kf2 Qg2+ 27. Ke3 Qe4+
28. Kd2 Qxd4 0-1

[Event "Hungria ch 2009 femenino"]
[Site "Eger HUN"]
[Date "2009.08.24"]
[Round "4.3"]
[White "Csatari, Mariann"]
[Black "Rudolf, Anna"]
[Result "0-1"]
[WhiteElo "2117"]
[BlackElo "2313"]
[PlyCount "64"]
[EventDate "2009.08.21"]
[EventType "tourn"]
[EventRounds "9"]
[EventCountry "HUN"]
[EventCategory "1"]
[Source "lmi"]
[SourceDate "2009.08.21"]

1. d4 e6 2. c4 Nf6 3. Nf3 Bb4+ 4. Nbd2 O-O 5. e3 b6 6. Bd3 d5 7. O-O Bb7 8. Qc2
Nbd7 9. b3 Bd6 10. Bb2 Qe7 11. Ne5 h6 12. f4 c5 13. Rae1 Rac8 14. h3 b5 15. f5
exf5 16. Bxf5 Rc7 17. Nxd7 Nxd7 18. e4 Bg3 19. Re3 Qg5 20. Rff3 Bf4 21. h4
Bxe3+ 22. Kf1 Qxh4 23. Rxe3 cxd4 24. Bxd4 bxc4 25. Rh3 Qf4+ 26. Rf3 cxb3 27.
Qb2 Qg5 28. axb3 dxe4 29. Be3 Qh4 30. Rh3 Qf6 31. Qxf6 Nxf6 32. Bd4 Rd8 0-1

[Event "Hungria ch 2009 femenino"]
[Site "Eger HUN"]
[Date "2009.08.24"]
[Round "4.4"]
[White "Papp, Petra"]
[Black "Lakos, Nikoletta"]
[Result "1-0"]
[WhiteElo "2159"]
[BlackElo "2310"]
[PlyCount "83"]
[EventDate "2009.08.21"]
[EventType "tourn"]
[EventRounds "9"]
[EventCountry "HUN"]
[EventCategory "1"]
[Source "lmi"]
[SourceDate "2009.08.21"]

1. e4 c5 2. Nf3 d6 3. d4 cxd4 4. Nxd4 Nf6 5. Nc3 g6 6. Be3 Bg7 7. f3 O-O 8. Qd2
Nc6 9. Bc4 Bd7 10. O-O-O Rc8 11. Bb3 Nxd4 12. Bxd4 b5 13. Nd5 Nxd5 14. Bxg7
Kxg7 15. exd5 a5 16. a3 b4 17. axb4 axb4 18. Qxb4 Kg8 19. Rhe1 Re8 20. Rd4 Rc5
21. Kd2 Qc7 22. Rde4 Rb8 23. Qd4 Qa7 24. Bc4 Qa5+ 25. Qc3 Rxb2 26. Qxa5 Rxa5
27. Bb3 Rc5 28. R4e3 e6 29. Kc1 Rxb3 30. Rxb3 exd5 31. Rb6 Rc6 32. Rxc6 Bxc6
33. Kd2 Kf8 34. Kd3 Bd7 35. Ra1 Be6 36. Ra7 g5 37. c3 h5 38. g3 g4 39. f4 Bf5+
40. Kd4 Be6 41. f5 Bxf5 42. Kxd5 1-0

[Event "Hungria ch 2009 femenino"]
[Site "Eger HUN"]
[Date "2009.08.24"]
[Round "4.5"]
[White "Gara, Ticia"]
[Black "Vajda, Szidonia"]
[Result "1/2-1/2"]
[WhiteElo "2354"]
[BlackElo "2375"]
[PlyCount "63"]
[EventDate "2009.08.21"]
[EventType "tourn"]
[EventRounds "9"]
[EventCountry "HUN"]
[EventCategory "1"]
[Source "lmi"]
[SourceDate "2009.08.21"]

1. e4 e5 2. Nf3 Nc6 3. Bb5 Nf6 4. O-O Nxe4 5. Re1 Nd6 6. Nxe5 Nxe5 7. Rxe5+ Be7
8. Bf1 O-O 9. d4 Bf6 10. Re1 Nf5 11. c3 d5 12. Bf4 Nh4 13. Nd2 c6 14. Bg3 Re8
15. Bd3 Rxe1+ 16. Qxe1 Bf5 17. Bxh4 Bxd3 18. Bxf6 Qxf6 19. Qe3 Bf5 20. Re1 Qe6
21. Qxe6 Bxe6 22. Nf3 Re8 23. Kf1 f6 24. Re3 Kf7 25. Ke1 Bf5 26. Rxe8 Kxe8 27.
Kd2 Ke7 28. Ke3 Ke6 29. Nd2 Bc2 30. h3 h5 31. Nf1 g5 32. Nd2 1/2-1/2

[Event "Hungria ch 2009 femenino"]
[Site "Eger HUN"]
[Date "2009.08.25"]
[Round "5.1"]
[White "Vajda, Szidonia"]
[Black "Gara, Anita"]
[Result "0-1"]
[WhiteElo "2375"]
[BlackElo "2353"]
[PlyCount "72"]
[EventDate "2009.08.21"]
[EventType "tourn"]
[EventRounds "9"]
[EventCountry "HUN"]
[EventCategory "1"]
[Source "lmi"]
[SourceDate "2009.08.21"]

1. e4 c5 2. Nf3 d6 3. d4 cxd4 4. Qxd4 Nc6 5. Bb5 Bd7 6. Bxc6 Bxc6 7. Nc3 Nf6 8.
Bg5 e6 9. O-O-O Be7 10. Rhe1 O-O 11. Kb1 Qa5 12. Qd2 Qc7 13. Nd4 Rfd8 14. f3
Rac8 15. g4 a6 16. h4 b5 17. Nce2 Bb7 18. Ng3 Kf8 19. Rc1 Qc4 20. Rg1 Qc7 21.
Nh5 d5 22. Bxf6 Bxf6 23. Nxf6 gxf6 24. Qh6+ Ke7 25. g5 Qe5 26. c3 b4 27. exd5
bxc3 28. bxc3 Bxd5 29. Rce1 Bxa2+ 30. Kxa2 Qa5+ 31. Kb1 Rb8+ 32. Kc2 Qa2+ 33.
Kd3 Rxd4+ 34. cxd4 Rb3+ 35. Ke4 Qc2+ 36. Kf4 Qf5+ 0-1

[Event "Hungria ch 2009 femenino"]
[Site "Eger HUN"]
[Date "2009.08.25"]
[Round "5.3"]
[White "Rudolf, Anna"]
[Black "Papp, Petra"]
[Result "0-1"]
[WhiteElo "2313"]
[BlackElo "2159"]
[PlyCount "186"]
[EventDate "2009.08.21"]
[EventType "tourn"]
[EventRounds "9"]
[EventCountry "HUN"]
[EventCategory "1"]
[Source "lmi"]
[SourceDate "2009.08.21"]

1. e4 c5 2. Nf3 d6 3. d4 cxd4 4. Nxd4 Nf6 5. Nc3 a6 6. Be2 e6 7. O-O Be7 8. Be3
O-O 9. f4 Qc7 10. Bf3 Nc6 11. a4 Re8 12. Kh1 Rb8 13. Qd2 Bf8 14. Qf2 Nxd4 15.
Bxd4 e5 16. Bb6 Qc4 17. f5 Bd7 18. a5 Bc6 19. Rfd1 Qb4 20. Qe3 Nd7 21. Ba7 Ra8
22. Rdb1 Be7 23. Ra3 d5 24. exd5 Bb5 25. Ne4 Rec8 26. d6 Bd8 27. c3 Qc4 28. Nd2
Qh4 29. Qf2 Qh6 30. Bxb7 Bh4 31. Be3 Bxf2 32. Bxh6 gxh6 33. Bxa8 Rxa8 34. c4
Bc6 35. b4 e4 36. b5 axb5 37. cxb5 Bd5 38. Nf1 Bc5 39. Rg3+ Kf8 40. Ne3 Ba2 41.
Ra1 Rxa5 42. Nd1 Bxd6 43. Re3 Be5 44. Nc3 Bxc3 45. Rxc3 Rxb5 46. Kg1 Rb1+ 47.
Rxb1 Bxb1 48. Kf2 Nf6 49. Rb3 Bd3 50. Rb8+ Kg7 51. Rd8 Ng4+ 52. Kg3 Ne3 53. Kf4
Nxg2+ 54. Ke5 f6+ 55. Kd4 Nh4 56. Rd7+ Kf8 57. Kd5 Nxf5 58. Ke6 e3 59. Kxf6 Ke8
60. Rxd3 e2 61. Kxf5 e1=Q 62. h3 Qf1+ 63. Ke4 Qg2+ 64. Kf4 Ke7 65. Rf3 Ke6 66.
Ke4 Qc2+ 67. Kf4 Qf5+ 68. Kg3 Qg5+ 69. Kf2 Ke5 70. Rg3 Qc1 71. Rf3 Ke4 72. Kg2
Qg5+ 73. Kf2 Qc5+ 74. Kg2 Qc6 75. Rg3 Kf4+ 76. Kh2 Qd6 77. Rg2 Kf3+ 78. Kh1 Qe5
79. Kg1 Qe1+ 80. Kh2 h5 81. Rg1 Qe5+ 82. Kh1 h4 83. Rg2 Qe1+ 84. Rg1 Qd2 85.
Rg8 Qd7 86. Kh2 Qd6+ 87. Kh1 Qd5 88. Rg2 Qe5 89. Kg1 Qe1+ 90. Kh2 Qg3+ 91.
Rxg3+ hxg3+ 92. Kg1 g2 93. h4 h5 0-1

[Event "Hungria ch 2009 femenino"]
[Site "Eger HUN"]
[Date "2009.08.25"]
[Round "5.4"]
[White "Dudas, Eszter"]
[Black "Csatari, Mariann"]
[Result "1-0"]
[WhiteElo "2141"]
[BlackElo "2117"]
[PlyCount "37"]
[EventDate "2009.08.21"]
[EventType "tourn"]
[EventRounds "9"]
[EventCountry "HUN"]
[EventCategory "1"]
[Source "lmi"]
[SourceDate "2009.08.21"]

1. e4 d5 2. exd5 Qxd5 3. Nc3 Qa5 4. d4 Nf6 5. Nf3 Nc6 6. Bb5 Nd5 7. Bd2 Nxc3 8.
Bxc6+ bxc6 9. Bxc3 Qd5 10. O-O Bg4 11. Re1 O-O-O 12. Re3 c5 13. Qe2 Bxf3 14.
Rxf3 cxd4 15. Bxd4 f6 16. Bxa7 e5 17. Rb3 Qe6 18. Rb8+ Kd7 19. Qb5+ 1-0

[Event "Hungria ch 2009 femenino"]
[Site "Eger HUN"]
[Date "2009.08.25"]
[Round "5.5"]
[White "Medvegy, Nora Dr"]
[Black "Toth, Sarolta"]
[Result "1/2-1/2"]
[WhiteElo "2344"]
[BlackElo "2236"]
[PlyCount "32"]
[EventDate "2009.08.21"]
[EventType "tourn"]
[EventRounds "9"]
[EventCountry "HUN"]
[EventCategory "1"]
[Source "lmi"]
[SourceDate "2009.08.21"]

1. e4 c5 2. Nf3 e6 3. d4 cxd4 4. Nxd4 a6 5. Bd3 Bc5 6. Nb3 Ba7 7. Qg4 Nf6 8.
Qg3 Nc6 9. O-O d6 10. Kh1 h5 11. f3 h4 12. Qxg7 Rh7 13. Qg5 Rh5 14. Qg7 Rh7 15.
Qg5 Rh5 16. Qg7 Rh7 1/2-1/2

[Event "Hungria ch 2009 femenino"]
[Site "Eger HUN"]
[Date "2009.08.26"]
[Round "6.1"]
[White "Gara, Anita"]
[Black "Toth, Sarolta"]
[Result "1-0"]
[WhiteElo "2353"]
[BlackElo "2236"]
[PlyCount "113"]
[EventDate "2009.08.21"]
[EventType "tourn"]
[EventRounds "9"]
[EventCountry "HUN"]
[EventCategory "1"]
[Source "lmi"]
[SourceDate "2009.08.21"]

1. e4 c5 2. Nf3 e6 3. d4 cxd4 4. Nxd4 a6 5. Bd3 Bc5 6. Nb3 Ba7 7. Qg4 Nf6 8.
Qg3 Nc6 9. Nc3 d6 10. Bg5 h6 11. Bd2 b5 12. O-O-O b4 13. Na4 Bd7 14. Qxd6 Bb8
15. Qc5 Ba7 16. Qc4 Ne5 17. Qxb4 Nxd3+ 18. cxd3 Rb8 19. Qa3 Ng4 20. Be1 Nxf2
21. Bxf2 Bxf2 22. Kb1 Bh4 23. Nac5 Bb5 24. d4 O-O 25. Qa5 Qd6 26. g3 Be7 27.
Qc3 Rfc8 28. Rc1 Qb6 29. Rc2 Rc7 30. e5 Rbc8 31. Rhc1 Bg5 32. Rd1 Be7 33. Qe1
Bc6 34. Rd3 Bd5 35. Rdc3 Qb5 36. a4 Qb6 37. Qe2 Qa7 38. a5 Rb8 39. Qd3 Rb5 40.
Qe3 Bxc5 41. Nxc5 Rxa5 42. Nxe6 Rxc3 43. Qxc3 Bxe6 44. Qxa5 Bf5 45. Qc5 Qb7 46.
Ka1 Bxc2 47. Qxc2 Qh1+ 48. Qb1 Qxh2 49. Qe4 Qxg3 50. d5 Qg1+ 51. Ka2 Qd1 52. d6
f5 53. Qc6 Kh7 54. e6 a5 55. e7 a4 56. Qc4 Qe1 57. Qf7 1-0

[Event "Hungria ch 2009 femenino"]
[Site "Eger HUN"]
[Date "2009.08.26"]
[Round "6.2"]
[White "Csatari, Mariann"]
[Black "Medvegy, Nora Dr"]
[Result "0-1"]
[WhiteElo "2117"]
[BlackElo "2344"]
[PlyCount "88"]
[EventDate "2009.08.21"]
[EventType "tourn"]
[EventRounds "9"]
[EventCountry "HUN"]
[EventCategory "1"]
[Source "lmi"]
[SourceDate "2009.08.21"]

1. d4 Nf6 2. c4 e6 3. Nc3 Bb4 4. Bg5 h6 5. Bd2 d5 6. e3 O-O 7. Nf3 b6 8. cxd5
exd5 9. Qc2 Re8 10. Bd3 a6 11. O-O Bb7 12. Ne5 Bd6 13. f4 c5 14. a4 Nc6 15. Bf5
Qc7 16. Nxc6 Bxc6 17. Rac1 c4 18. Rf3 b5 19. Na2 Qe7 20. Be1 Bd7 21. axb5 axb5
22. Nc3 b4 23. Bxd7 Qxd7 24. Nd1 Ra2 25. Rb1 Qa7 26. Qc1 Qa4 27. Nf2 Ne4 28.
Nxe4 Rxe4 29. Rf2 Qb3 30. Bd2 f5 31. g3 Re8 32. Re2 Qd3 33. Kf2 c3 34. Be1 g5
35. Qc2 Rxe3 36. Qxd3 Rxd3 37. bxc3 Ra6 38. cxb4 gxf4 39. gxf4 Rxd4 40. b5
Rxf4+ 41. Kg2 Rg4+ 42. Kf2 Bc5+ 43. Re3 Re6 44. Rbb3 Rge4 0-1

[Event "Hungria ch 2009 femenino"]
[Site "Eger HUN"]
[Date "2009.08.26"]
[Round "6.3"]
[White "Papp, Petra"]
[Black "Dudas, Eszter"]
[Result "1-0"]
[WhiteElo "2159"]
[BlackElo "2141"]
[PlyCount "69"]
[EventDate "2009.08.21"]
[EventType "tourn"]
[EventRounds "9"]
[EventCountry "HUN"]
[EventCategory "1"]
[Source "lmi"]
[SourceDate "2009.08.21"]

1. e4 e6 2. d4 d5 3. Nc3 Bb4 4. e5 c5 5. a3 Bxc3+ 6. bxc3 Qa5 7. Bd2 Qa4 8. Qg4
Kf8 9. Nf3 Nc6 10. Be2 Nge7 11. O-O Qxc2 12. dxc5 Nxe5 13. Qf4 Nxf3+ 14. Bxf3
Bd7 15. Rfc1 Qa4 16. c4 Qc6 17. Bc3 Kg8 18. Qg5 Nf5 19. Bg4 d4 20. Bxf5 dxc3
21. Bg4 f6 22. Qe3 Kf7 23. Rxc3 Rad8 24. Rd3 f5 25. Bf3 Qc7 26. Rd6 Bc8 27.
Rad1 Rhe8 28. Qd4 Rxd6 29. cxd6 Qd7 30. Qxa7 e5 31. Qc5 e4 32. Be2 Re6 33.
Qxf5+ Kg8 34. Bg4 Qa4 35. Qd5 1-0

[Event "Hungria ch 2009 femenino"]
[Site "Eger HUN"]
[Date "2009.08.26"]
[Round "6.5"]
[White "Vajda, Szidonia"]
[Black "Lakos, Nikoletta"]
[Result "1/2-1/2"]
[WhiteElo "2375"]
[BlackElo "2310"]
[PlyCount "37"]
[EventDate "2009.08.21"]
[EventType "tourn"]
[EventRounds "9"]
[EventCountry "HUN"]
[EventCategory "1"]
[Source "lmi"]
[SourceDate "2009.08.21"]

1. e4 c5 2. Nf3 Nc6 3. c3 d5 4. exd5 Qxd5 5. d4 Bg4 6. Nbd2 cxd4 7. Qa4 Qe6+ 8.
Kd1 Qd7 9. Bb5 dxc3 10. bxc3 Bxf3+ 11. gxf3 Rc8 12. Bxc6 bxc6 13. Rb1 e6 14.
Qa6 Ne7 15. Rb7 Rc7 16. Rb8+ Rc8 17. Rb7 Rc7 18. Rb8+ Rc8 19. Rb7 1/2-1/2

[Event "Hungria ch 2009 femenino"]
[Site "Eger HUN"]
[Date "2009.08.27"]
[Round "7.1"]
[White "Lakos, Nikoletta"]
[Black "Gara, Anita"]
[Result "1/2-1/2"]
[WhiteElo "2310"]
[BlackElo "2353"]
[PlyCount "109"]
[EventDate "2009.08.21"]
[EventType "tourn"]
[EventRounds "9"]
[EventCountry "HUN"]
[EventCategory "1"]
[Source "lmi"]
[SourceDate "2009.08.21"]

1. e4 c5 2. Nf3 g6 3. Bc4 Bg7 4. c3 d6 5. h3 Nf6 6. d3 O-O 7. O-O Nc6 8. Bb3
Qc7 9. Re1 b6 10. d4 cxd4 11. cxd4 Ba6 12. a3 Rfe8 13. Nc3 e5 14. dxe5 dxe5 15.
Bg5 Nd4 16. Nxd4 exd4 17. Bxf6 Bxf6 18. Nd5 Qd6 19. Qf3 Kg7 20. e5 Bxe5 21. Nb4
Bb5 22. Qxf7+ Kh8 23. Qd5 Qxd5 24. Bxd5 Rac8 25. a4 Bd7 26. Nd3 Bd6 27. Rxe8+
Rxe8 28. Bc4 Kg7 29. b3 Bf5 30. Kf1 a5 31. Rd1 Kf6 32. Re1 Rc8 33. Rd1 g5 34.
Nc1 Bc5 35. Nd3 Ba3 36. Ne1 Bb2 37. Nd3 Bc3 38. Bb5 Be6 39. Rb1 Bb4 40. Nxb4
axb4 41. Bd3 Rc3 42. Bxh7 Rxb3 43. Ke2 Rxb1 44. Bxb1 Bb3 45. Kd3 Ke5 46. g3
Bxa4 47. Kc4 Bd1 48. f4+ gxf4 49. gxf4+ Kxf4 50. Kxd4 Be2 51. Bd3 Bd1 52. Kc4
b3 53. Kc3 Kg3 54. Bc4 Kxh3 55. Bxb3 1/2-1/2

[Event "Hungria ch 2009 femenino"]
[Site "Eger HUN"]
[Date "2009.08.27"]
[Round "7.2"]
[White "Rudolf, Anna"]
[Black "Vajda, Szidonia"]
[Result "1/2-1/2"]
[WhiteElo "2313"]
[BlackElo "2375"]
[PlyCount "39"]
[EventDate "2009.08.21"]
[EventType "tourn"]
[EventRounds "9"]
[EventCountry "HUN"]
[EventCategory "1"]
[Source "lmi"]
[SourceDate "2009.08.21"]

1. e4 c5 2. Nf3 d6 3. d4 cxd4 4. Nxd4 Nf6 5. Nc3 a6 6. Bc4 e6 7. Bb3 b5 8. O-O
Be7 9. Qf3 Qc7 10. Qg3 O-O 11. Bh6 Ne8 12. Rad1 Bd7 13. Nf3 Nc6 14. Bf4 Rd8 15.
Rfe1 Bc8 16. Rd3 Nf6 17. Bh6 Ne8 18. Bf4 Nf6 19. Bh6 Ne8 20. Bf4 1/2-1/2